| 000 | 01258nam a2200229Ia 4500 | ||
|---|---|---|---|
| 001 | 237 | ||
| 005 | 20251203123020.0 | ||
| 008 | 251203t2003||||xx |||||||||||||| ||spa|| | ||
| 020 | _a9972891747 | ||
| 041 | _aESP | ||
| 082 |
_aRO 909 _bC76 |
||
| 110 | _aEl Comercio | ||
| 245 | 0 |
_aHistoria universal : _bTomos 1-16 |
|
| 260 |
_aLima : _bEl Comercio Ediciones, _c2003 |
||
| 300 |
_aVarias paginaciones : _b ilustraciones, fotografías, mapas ; _c 28 cm. _e |
||
| 440 |
_a _n _v |
||
| 505 | _aContiene: Tomo 1: Prehistoria y primeras civilizaciones; Tomo 2: Grandes imperios de la antigüedad; Tomo 3: El mundo griego; Tomo 4: Esplendor y decadencia de Roma; Tomo 5: América precolombina; Tomo 6: El auge de las culturas orientales; Tomo 7: La alta edad media y el islam; Tomo 8: La baja edad media; Tomo 9: Los inicios de la edad moderna; Tomo 10: América: de la conquista a la independencia; Tomo 11: El mundo bajo el signo del absolutismo; Tomo 12: La era de las revoluciones; Tomo 13: Europa y América en el siglo XIX; Tomo 14: Industrialización e imperialismo; Tomo 15: Un mundo en guerra; Tomo 16: De la guerra fría hasta nuestros días | ||
| 650 | _aGEH | ||
| 653 | _aHistoria universal; Colección | ||
| 654 | _aCTP | ||
| 942 |
_cLIB _dJUS _fTRC _2ddc _n |
||
| 999 |
_c237 _d237 |
||